00934nam a22001097a 4500008004100000100002400041245006900065260001100134300003300145520063500178773001100813241011b ||||| |||| 00| 0 eng d aGore, Manish Mohan  aIndia’s biofuel revelation: Efficient, sustainable, and glean  aYojana a68(10), Oct, 2024: p.49-55  aIndia’s reliance on fossil fuels poses environmental and economic challenges, such as high carbon emissions and air pollution, biofuels, derived from organic materials, is consider a renewable energy source and can help mitigate climate change. The CSIR-Indian Institute of Petroleum’s intimation in converting sued cooking oil into befouled is a significant step stripe toward achieving cleaner energy and better waste management in India. This imitative aligns with the Swachh Bharat mission’s objectives of cleanliness, sanitation and waste management, contributing to a healthier and more suitable India. – Reproduced  aYojana